000 00773cab a2200217 4500
001 WB2940-26
008 090401t1993 xxu||||| |||| 00| 0 eng d
035 _a(Sirsi) u58903
041 _aeng
100 _aForbes, I.
245 _aUnderlying value of rent reviews
260 _c1993
350 _a0
490 _aCSW - The Property Week
_v45(4) 28 October 1993, 56(1)
520 _aManagement surveyors may be most effective managing buildings if they are able to conduct rent reviews and lease renewals themselves as the thorough knowledge of a building`s worth will sharpen management strategy.
650 _aABOUT RICS-RICS MEMBERS
650 _aProperty management
_96262
690 _aLANDLORD AND TENANT-RENT REVIEWS
942 _n0
948 _c04/03/1997
999 _c36031
_d36031